| 000 | 00656 a2200193 4500 | ||
|---|---|---|---|
| 999 |
_c9033 _d9033 |
||
| 020 | _a9780409028133 | ||
| 050 | 0 | 0 | _aKF 3455 FIN 2002 |
| 100 | 1 | _aFinnemore, Martheanne. | |
| 245 | 1 | 0 |
_aContemporary labour relations / _cMartheanne Finnemore, Rhod v̌an Rensburg. |
| 250 | _a2d ed. | ||
| 264 |
_aDurban: _bLexisNexis, _c2002 |
||
| 300 |
_axx, 489 p. : _bill. ; |
||
| 500 | _aIncludes bibliographic references | ||
| 504 | _aIncludes bibliographical references (p. 475-489). | ||
| 650 | 0 | _aIndustrial relations | |
| 700 | 1 | _aVan Rensburg, Rhod.̌ | |
| 942 |
_2lcc _cBK _e2nd _h3455 _iFIN _kKF |
||